[Event "XII C.to Europeo a squadre Seniores"]
[Site "Dresda GER"]
[Date "2010.02.15"]
[Round "6.3"]
[White "Rosino, Antonio"]
[Black "Havansi, Erkki E.T."]
[Result "1/2-1/2"]
[WhiteElo "2245"]
[BlackElo "2240"]
[Annotator "ITA-FIN"]
[PlyCount "37"]
[EventDate "2010.02.10"]

1. e4 c5 2. Nf3 e6 3. c3 Nf6 4. e5 Nd5 5. d4 cxd4 6. cxd4 b6 7. Nc3 Bb7 8. Bd3
Be7 9. Qe2 Nxc3 10. bxc3 O-O 11. O-O d6 12. Bf4 dxe5 13. Nxe5 Nd7 14. Qh5 g6
15. Qh3 Nxe5 16. Bxe5 Bf6 17. Rfe1 Rc8 18. Rac1 Qe7 19. Qg3 1/2-1/2

[Event "XII C.to Europeo a squadre Seniores"]
[Site "Dresda GER"]
[Date "2010.02.15"]
[Round "6.4"]
[White "Saren, Ilkka J."]
[Black "Laco, Giuseppe"]
[Result "1/2-1/2"]
[WhiteElo "2207"]
[BlackElo "2080"]
[Annotator "ITA-FIN"]
[PlyCount "84"]
[EventDate "2010.02.10"]

1. e4 c5 2. Nf3 Nc6 3. d4 cxd4 4. Nxd4 a6 5. a3 g6 6. Nc3 Bg7 7. Be3 Qa5 8. Be2
e6 9. O-O Nge7 10. Qd2 b5 11. Nb3 Qd8 12. Bc5 O-O 13. Bd6 Re8 14. f4 f5 15. e5
Bb7 16. Nc5 Qb6 17. Kh1 Rad8 18. Nxb7 Qxb7 19. b4 Nc8 20. Rad1 Nxd6 21. Qxd6
Bf8 22. Qd3 d6 23. exd6 Rxd6 24. Qe3 Red8 25. Bf3 Qc7 26. Rxd6 Rxd6 27. Rd1 Nd8
28. Rxd6 Bxd6 29. g3 Be7 30. Qd3 Bf6 31. Nd1 Kg7 32. Ne3 h6 33. c4 g5 34. fxg5
hxg5 35. c5 g4 36. Ba8 Qa7 37. Bg2 Nf7 38. h3 gxh3 39. Bxh3 Qa8+ 40. Bg2 Qh8+
41. Kg1 Ne5 42. Qd6 Qh6 1/2-1/2

[Event "XII C.to Europeo a squadre Seniores"]
[Site "Dresda GER"]
[Date "2010.02.16"]
[Round "7.2"]
[White "Lederman, Leon"]
[Black "Micheli, Carlo"]
[Result "1-0"]
[WhiteElo "2280"]
[BlackElo "2293"]
[Annotator "ITA-ISR"]
[PlyCount "108"]
[EventDate "2010.02.10"]

1. e4 c5 2. Nf3 e6 3. d4 cxd4 4. Nxd4 Qb6 5. Nb3 Qc7 6. Bd3 Nf6 7. Nc3 a6 8.
O-O Be7 9. f4 d6 10. e5 Nfd7 11. Qg4 g6 12. Qg3 Nc6 13. exd6 Bxd6 14. Ne4 Be7
15. Bd2 O-O 16. Bc3 b5 17. a3 a5 18. Qh3 e5 19. f5 Nf6 20. Nbd2 Nd5 21. g4 Qb6+
22. Kh1 Nd4 23. Bxd4 exd4 24. Rf3 Kg7 25. Raf1 f6 26. Qh4 Rh8 27. Rh3 h5 28.
Ng3 Ne3 29. gxh5 g5 30. h6+ Kf8 31. Qh5 Ra7 32. Rf2 Bb7+ 33. Nge4 Bd5 34. Kg1
Bf7 35. Qe2 Nd5 36. Bxb5 d3 37. Rxd3 Nf4 38. Qf1 Nxd3 39. Qxd3 Rxh6 40. c4 Ra8
41. Kf1 Rd8 42. Qg3 Rh4 43. Qc3 Rd4 44. Qc2 Qb7 45. Ng3 Rhf4 46. Qc3 Bc5 47.
Rxf4 Rxf4+ 48. Ke1 Qe7+ 49. Kd1 Be3 50. Qxa5 Rf2 51. Nde4 Rxb2 52. Qc3 Qd8+ 53.
Ke1 Rb1+ 54. Ke2 Qd1+ 1-0

[Event "XII C.to Europeo a squadre Seniores"]
[Site "Dresda GER"]
[Date "2010.02.17"]
[Round "8.1"]
[White "Danner, Georg"]
[Black "Tatai, Stefano"]
[Result "1/2-1/2"]
[WhiteElo "2429"]
[BlackElo "2348"]
[Annotator "ITA-AUT"]
[PlyCount "74"]
[EventDate "2010.02.10"]

1. d4 Nf6 2. Nf3 e6 3. e3 b6 4. Bd3 Bb7 5. O-O g6 6. c4 Bg7 7. Nc3 c5 8. dxc5
bxc5 9. e4 d6 10. Bf4 e5 11. Bg5 O-O 12. Qd2 Nc6 13. Rab1 a5 14. a3 Rb8 15. Nd5
Nd4 16. Nxd4 Bxd5 17. Nb5 Bc6 18. f3 Qb6 19. Be3 d5 20. exd5 Bxb5 21. cxb5 Nxd5
22. Bf2 Rfd8 23. Qc2 Nf4 24. Bc4 Ne6 25. b4 Nd4 26. bxc5 Nxc2 27. cxb6 Nxa3 28.
Rbc1 Nxc4 29. Rxc4 Bf8 30. Rfc1 Bb4 31. Be3 Kg7 32. R1c2 Rd5 33. f4 exf4 34.
Rxf4 Rxb5 35. Rc7 Rf8 36. Rfc4 a4 37. Ra7 a3 1/2-1/2

[Event "XII C.to Europeo a squadre Seniores"]
[Site "Dresda GER"]
[Date "2010.02.17"]
[Round "8.2"]
[White "Micheli, Carlo"]
[Black "Wittmann, Walter"]
[Result "1/2-1/2"]
[WhiteElo "2293"]
[BlackElo "2294"]
[Annotator "ITA-AUT"]
[PlyCount "77"]
[EventDate "2010.02.10"]

1. c4 c5 2. Nc3 Nc6 3. g3 g6 4. Bg2 Bg7 5. d3 e5 6. a3 a5 7. Nf3 Nge7 8. O-O
O-O 9. Rb1 d6 10. Ne1 Be6 11. Nd5 Rb8 12. Bd2 b5 13. b3 h6 14. Nc2 f5 15. f4 b4
16. axb4 axb4 17. e3 Bf7 18. Be1 Nxd5 19. cxd5 Ne7 20. e4 Ra8 21. Bf2 Ra2 22.
Ne3 exf4 23. gxf4 Bd4 24. Qf3 Kh7 25. Kh1 Ng8 26. Nc4 Bxf2 27. Rxf2 Rxf2 28.
Qxf2 Nf6 29. Ra1 Re8 30. e5 dxe5 31. Ra7 Kg8 32. Nxe5 Bxd5 33. Qxc5 Bxg2+ 34.
Kxg2 Qd5+ 35. Qxd5+ Nxd5 36. Nxg6 Re6 37. Nh4 Nxf4+ 38. Kf3 Nxd3 39. Nxf5
1/2-1/2

[Event "XII C.to Europeo a squadre Seniores"]
[Site "Dresda GER"]
[Date "2010.02.17"]
[Round "8.4"]
[White "Laco, Giuseppe"]
[Black "Kwatschewsky, Leo"]
[Result "1-0"]
[WhiteElo "2080"]
[BlackElo "2233"]
[Annotator "ITA-AUT"]
[PlyCount "81"]
[EventDate "2010.02.10"]

1. c4 e5 2. Nc3 Nf6 3. e4 Nc6 4. a3 Nd4 5. d3 c6 6. Nf3 Nxf3+ 7. Qxf3 Be7 8.
Qg3 O-O 9. Be2 d6 10. f4 exf4 11. Bxf4 Nxe4 12. Qf3 Nf6 13. h3 d5 14. O-O-O Be6
15. g4 Qa5 16. Bd2 Qc7 17. Rhg1 Nd7 18. g5 Ne5 19. Qg3 Bd6 20. c5 Bxc5 21. d4
Bxd4 22. Bf4 Bxc3 23. bxc3 Qa5 24. Bxe5 Qxa3+ 25. Kd2 Rfe8 26. Ke1 Bf5 27. Bd6
Qb2 28. Rg2 Re6 29. Bf4 Rae8 30. Rd2 Qb6 31. Rf2 Qb1+ 32. Rd1 Qe4 33. h4 Bg6
34. Qg4 Qc4 35. Kf1 Rxe2 36. Rxe2 Bd3 37. Rxd3 Qxd3 38. Be5 Re6 39. Kf2 b5 40.
h5 Kf8 41. Bd6+ 1-0

[Event "XII C.to Europeo a squadre Seniores"]
[Site "Dresda GER"]
[Date "2010.02.18"]
[Round "9.1"]
[White "Tseshkovsky, Vitaly V."]
[Black "Tatai, Stefano"]
[Result "0-1"]
[WhiteElo "2554"]
[BlackElo "2348"]
[Annotator "ITA-RUS"]
[PlyCount "114"]
[EventDate "2010.02.10"]

1. e4 c5 2. Nf3 d6 3. d4 cxd4 4. Nxd4 Nf6 5. Nc3 a6 6. Be2 e5 7. Nb3 Be7 8. O-O
O-O 9. Be3 Be6 10. Qd2 Nbd7 11. a4 Rc8 12. Rfd1 Qc7 13. f3 h6 14. a5 Ne8 15.
Bf1 Qd8 16. Nc1 Bg5 17. Nd3 Bxe3+ 18. Qxe3 Rc7 19. Nb4 Rc5 20. Na4 Rxa5 21. c4
Qb8 22. Qc3 Qc7 23. Nd3 b5 24. cxb5 Qa7+ 25. b6 Nxb6 26. Nxb6 Qxb6+ 27. Kh1
Rxa1 28. Rxa1 Nc7 29. f4 exf4 30. Nxf4 Rb8 31. Rc1 Nb5 32. Qg3 Qd4 33. Nxe6
fxe6 34. b3 Rf8 35. h3 Qxe4 36. Bd3 Qf4 37. Qxf4 Rxf4 38. Rc6 Rd4 39. Bg6 Kf8
40. Rxa6 Ke7 41. Rb6 Kf6 42. Bh7 Nc3 43. Kh2 e5 44. Rc6 Na2 45. Rc7 h5 46. Bg8
h4 47. Kg1 Nb4 48. Rf7+ Kg6 49. Rd7 d5 50. Kf2 Nd3+ 51. Kf3 Nf4 52. Re7 Rd3+
53. Kf2 Rxb3 54. Rd7 Rb2+ 55. Kf1 d4 56. Bc4 Rxg2 57. Bd3+ Kh6 0-1

[Event "XII C.to Europeo a squadre Seniores"]
[Site "Dresda GER"]
[Date "2010.02.18"]
[Round "9.3"]
[White "Petrushin, Alexander I."]
[Black "Rosino, Antonio"]
[Result "1-0"]
[WhiteElo "2465"]
[BlackElo "2245"]
[Annotator "ITA-RUS"]
[PlyCount "35"]
[EventDate "2010.02.10"]

1. e4 e5 2. Nc3 Nf6 3. Bc4 Nxe4 4. Qh5 Nd6 5. Bb3 Be7 6. Qxe5 O-O 7. Nf3 Bf6 8.
Qf4 Qe7+ 9. Kd1 Bxc3 10. Re1 Qf6 11. dxc3 Re8 12. Qxf6 Rxe1+ 13. Kxe1 gxf6 14.
Bf4 Ne8 15. Kd2 Nc6 16. Re1 Kf8 17. Nd4 Ne5 18. Bh6+ 1-0

[Event "XII C.to Europeo a squadre Seniores"]
[Site "Dresda GER"]
[Date "2010.02.18"]
[Round "9.4"]
[White "Laco, Giuseppe"]
[Black "Chernikov, Oleg L."]
[Result "1/2-1/2"]
[WhiteElo "2080"]
[BlackElo "2439"]
[Annotator "ITA-RUS"]
[PlyCount "125"]
[EventDate "2010.02.10"]

1. c4 Nf6 2. b4 e6 3. a3 c5 4. b5 d5 5. Bb2 b6 6. g3 a6 7. a4 d4 8. Bg2 Ra7 9.
d3 Be7 10. Na3 O-O 11. Qb3 e5 12. O-O-O Ng4 13. Rf1 f5 14. h3 Nf6 15. Nf3 Bd6
16. Nd2 Re7 17. Nc2 Qc7 18. e4 dxe3 19. Nxe3 Be6 20. Rd1 axb5 21. axb5 Nbd7 22.
Nf3 f4 23. gxf4 exf4 24. Nc2 Ne5 25. Rde1 Bf5 26. Rd1 Nxf3 27. Bxf6 Rxf6 28.
Bxf3 Be5 29. h4 Rd6 30. Bd5+ Kh8 31. h5 Qd8 32. f3 Qf8 33. Rh2 Bf6 34. Re1
Rxe1+ 35. Nxe1 Qe8 36. Kd1 Rd8 37. Qa3 Qd7 38. Qa6 Qc7 39. Re2 Bc3 40. Kc2 Ba5
41. Ng2 Qd6 42. Nh4 Qf6 43. Nxf5 Qc3+ 44. Kb1 Qxd3+ 45. Rc2 Qxf5 46. h6 gxh6
47. Qb7 Qg6 48. Be4 Qg7 49. Qxg7+ Kxg7 50. Rg2+ Kf6 51. Rh2 Kg7 52. Rg2+ Kf6
53. Rh2 Kg7 54. Rg2+ Kf7 55. Bxh7 Rh8 56. Bg6+ Ke7 57. Bh5 Bc3 58. Kc2 Bf6 59.
Re2+ Kd6 60. Bg4 Be5 61. Rh2 Ke7 62. Rh5 Kd6 63. Kd3 1/2-1/2

[Event "Open Sport & Cultura A"]
[Site "Milano ITA"]
[Date "2010.02.12"]
[Round "1"]
[White "Attuati, Luca"]
[Black "Baccarin, Stefano"]
[Result "0-1"]
[WhiteElo "1447"]
[BlackElo "1799"]
[PlyCount "72"]
[EventDate "2010.02.12"]

1. e4 c5 2. Nc3 Nc6 3. Nf3 g6 4. Bc4 e6 5. d3 Bg7 6. Bg5 Nge7 7. Rb1 O-O 8. O-O
a6 9. a3 b5 10. Ba2 Bb7 11. Re1 h6 12. Bf4 d6 13. Qd2 Kh7 14. h3 b4 15. Nd1 Rc8
16. Ne3 e5 17. Bg3 a5 18. a4 Qc7 19. Bh4 Nd8 20. Bc4 f5 21. Bxe7 Qxe7 22. Bd5
f4 23. Bxb7 fxe3 24. Rxe3 Qxb7 25. Nh4 Rf6 26. Kh2 Ne6 27. Rf3 Rcf8 28. Qe2 Nd4
29. Qf1 Nxf3+ 30. gxf3 d5 31. Qg2 dxe4 32. dxe4 Qf7 33. Rg1 Rd6 34. Nf5 gxf5
35. exf5 Rg8 36. f4 Qxf5 0-1

[Event "Open Sport & Cultura A"]
[Site "Milano ITA"]
[Date "2010.02.12"]
[Round "1"]
[White "Attuati, Stefano"]
[Black "Miracola, Massimiliano"]
[Result "1/2-1/2"]
[WhiteElo "1812"]
[BlackElo "1545"]
[PlyCount "87"]
[EventDate "2010.02.12"]

1. e4 c5 2. Nf3 d6 3. d4 cxd4 4. Nxd4 Nf6 5. Nc3 a6 6. Be2 e6 7. O-O Be7 8. f4
O-O 9. Be3 Qc7 10. Qe1 b5 11. a3 Bb7 12. Bf3 Nbd7 13. Qg3 Rfe8 14. f5 e5 15.
Nb3 Nb6 16. Na5 Nc4 17. Bh6 Bf8 18. Nxb7 Qxb7 19. b3 Qa7+ 20. Rf2 Qd4 21. Be2
Nxe4 22. Nxe4 Qxa1+ 23. Bf1 Kh8 24. Ng5 Ra7 25. Bxg7+ Bxg7 26. Qh4 h6 27. f6
Bf8 28. Qh5 Kg8 29. Nxf7 Rxf7 30. Qg6+ Bg7 31. fxg7 Rxf2 32. Qxe8+ Kxg7 33.
Kxf2 Qd4+ 34. Kg3 Qf4+ 35. Kh3 Qxf1 36. bxc4 Qf5+ 37. Kg3 Qf4+ 38. Kh3 Qxc4 39.
Qe7+ Qf7 40. Qxd6 Qf5+ 41. Kg3 Qf4+ 42. Kh3 Qf5+ 43. Kg3 Qf4+ 44. Kh3 1/2-1/2

[Event "Open Sport & Cultura A"]
[Site "Milano ITA"]
[Date "2010.02.12"]
[Round "1"]
[White "Azzolin, Lorenzo"]
[Black "Orsi, Matteo"]
[Result "0-1"]
[WhiteElo "1680"]
[BlackElo "1950"]
[PlyCount "46"]
[EventDate "2010.02.12"]

1. e4 c6 2. d4 d5 3. exd5 cxd5 4. c4 Nf6 5. Nc3 e6 6. Nf3 a6 7. a3 Be7 8. Bd3
dxc4 9. Bxc4 b5 10. Bd3 Bb7 11. Qe2 O-O 12. O-O Nbd7 13. h3 Nb6 14. b3 Rc8 15.
Ne4 Qd5 16. Ned2 Rfd8 17. Bb2 Nbd7 18. Rac1 Nf8 19. Rfe1 Ng6 20. Bxg6 hxg6 21.
Qe5 Bd6 22. Qxd5 Bxd5 23. Ne5 Bb7 0-1

[Event "Open Sport & Cultura A"]
[Site "Milano ITA"]
[Date "2010.02.12"]
[Round "1"]
[White "Bonavoglia, Marco"]
[Black "Moroni, Luca jr"]
[Result "1-0"]
[WhiteElo "1859"]
[BlackElo "1600"]
[PlyCount "153"]
[EventDate "2010.02.12"]

1. d4 d5 2. Nc3 Nf6 3. e4 dxe4 4. f3 exf3 5. Nxf3 g6 6. Bc4 Bg7 7. Bg5 Bf5 8.
Qd2 O-O 9. O-O-O Nc6 10. h4 Bg4 11. d5 Bxf3 12. gxf3 Ne5 13. Be2 c6 14. Bh6
cxd5 15. Bxg7 Kxg7 16. Qg5 Ned7 17. Nxd5 h6 18. Qe3 Rc8 19. Rhg1 Nxd5 20. Rxd5
Qb6 21. Rd4 e5 22. Rxg6+ fxg6 23. Rxd7+ Rf7 24. Qxe5+ Qf6 25. Rxf7+ Kxf7 26.
Qd5+ Kf8 27. Qxb7 Qc6 28. Qb4+ Qc5 29. Qf4+ Kg7 30. Bd3 Qg1+ 31. Kd2 Qf2+ 32.
Kd1 Qc5 33. Qg4 Qc6 34. Bxg6 Rd8+ 35. Bd3+ Kh8 36. Qf5 Kg7 37. Qh7+ Kf8 38.
Qh8+ Ke7 39. Qg7+ Ke8 40. Qe5+ Kf8 41. Kc1 Qb6 42. Qh8+ Ke7 43. Qg7+ Kd6 44.
Qxh6+ Kc7 45. Qxb6+ axb6 46. h5 Rf8 47. Be4 Rh8 48. Bg6 Rf8 49. h6 Rxf3 50. h7
Rh3 51. Bd3 Kd6 52. Kd2 Ke5 53. Kc3 Kd5 54. Kb4 Kc6 55. a4 Rh4+ 56. Kc3 Kc5 57.
b4+ Kc6 58. Kb3 Rh3 59. Kc3 Rh4 60. Kd2 Rh3 61. Ke2 Kd5 62. Kf2 Ke6 63. Kg2 Rh6
64. Kg3 Rh1 65. a5 bxa5 66. bxa5 Kf6 67. a6 Kg7 68. Kf4 Re1 69. c4 Re7 70. Be4
Rc7 71. Bd5 Re7 72. c5 Kxh7 73. Bb7 Kg7 74. c6 Kf6 75. a7 Re8 76. c7 Ke6 77.
c8=Q+ 1-0

[Event "Open Sport & Cultura A"]
[Site "Milano ITA"]
[Date "2010.02.12"]
[Round "1"]
[White "Calabrese, Maurizio"]
[Black "Marchini, Daniele"]
[Result "1/2-1/2"]
[WhiteElo "1539"]
[BlackElo "1802"]
[PlyCount "98"]
[EventDate "2010.02.12"]

1. e4 c5 2. Nf3 d6 3. d4 cxd4 4. Nxd4 Nf6 5. Nc3 a6 6. Be3 e5 7. Nf3 b5 8. Bg5
Be7 9. Be2 Bb7 10. Bxf6 Bxf6 11. O-O O-O 12. Nd5 Nd7 13. Rc1 Nc5 14. c4 Nxe4
15. cxb5 axb5 16. Bxb5 Rxa2 17. Rc2 Bxd5 18. Qxd5 Nc5 19. Qxa2 Qb6 20. Bc4 Ne4
21. Qa6 Qc7 22. Rfc1 Nc5 23. Qa2 e4 24. Ne1 Bg5 25. Rd1 e3 26. fxe3 Bxe3+ 27.
Kh1 Ne4 28. b3 g5 29. Bd3 Nc3 30. Qa1 Rc8 31. Bf5 Nxd1 32. Rxc7 Nf2+ 33. Kg1
Rxc7 34. Kf1 Rc1 35. Qa8+ Kg7 36. Ke2 Bd4 37. Nf3 Bc5 38. b4 Bxb4 39. Kxf2 Bc5+
40. Ke2 Rc3 41. Nxg5 Re3+ 42. Kd2 Re5 43. Qc8 Be3+ 44. Kd3 Bxg5 45. g4 Rd5+ 46.
Ke2 Rd2+ 47. Kf3 Rxh2 48. Qd7 Rh6 49. Ke4 Rf6 1/2-1/2

[Event "Open Sport & Cultura A"]
[Site "Milano ITA"]
[Date "2010.02.12"]
[Round "1"]
[White "Carbone, Lorenzo"]
[Black "Bellia, Fabrizio"]
[Result "0-1"]
[WhiteElo "1751"]
[BlackElo "2408"]
[PlyCount "68"]
[EventDate "2010.02.12"]

1. e4 e5 2. Nf3 Nc6 3. Bb5 a6 4. Ba4 Nf6 5. O-O b5 6. Bb3 Bc5 7. c3 d6 8. h3
O-O 9. Re1 h6 10. d4 Bb6 11. d5 Ne7 12. Nbd2 Ng6 13. Nf1 Bd7 14. Bd2 Qc8 15.
N3h2 Nh4 16. Be3 Bxh3 17. g3 Ng6 18. Qf3 Ng4 19. Bxb6 cxb6 20. Ne3 Nxe3 21.
Rxe3 Bd7 22. Qh5 Ne7 23. f4 Qc5 24. Rae1 exf4 25. gxf4 Rae8 26. Kg2 Nf5 27. Rh3
Nd4 28. Rg3 Nf5 29. Rh3 Ne7 30. Rg3 Ng6 31. Rf3 Kh7 32. Ng4 Bxg4 33. Qxg4 f5
34. Qg3 Rxe4 0-1

[Event "Open Sport & Cultura A"]
[Site "Milano ITA"]
[Date "2010.02.12"]
[Round "1"]
[White "Casale, Anania"]
[Black "Ranfagni, Stefano"]
[Result "0-1"]
[WhiteElo "1732"]
[BlackElo "2007"]
[PlyCount "104"]
[EventDate "2010.02.12"]

1. d4 e6 2. c4 f5 3. g3 Nf6 4. Bg2 Be7 5. Nf3 O-O 6. O-O d5 7. b3 c6 8. Bb2 Qe8
9. Nbd2 Nbd7 10. Rc1 Ne4 11. Ne5 Nxe5 12. dxe5 Bd7 13. e3 Rc8 14. Nxe4 fxe4 15.
f3 exf3 16. Rxf3 Qg6 17. Rxf8+ Rxf8 18. e4 Bc5+ 19. Bd4 Ba3 20. Rc2 c5 21. Bb2
Bxb2 22. Rxb2 d4 23. b4 b6 24. bxc5 bxc5 25. Rf2 Rxf2 26. Kxf2 Qg5 27. Qd3 Qxe5
28. Qa3 Qc7 29. Bh3 Qb6 30. Ke2 a5 31. Kd3 Qb1+ 32. Kd2 Qxe4 33. Qxa5 Qe3+ 34.
Kc2 Qe2+ 35. Kb3 Qf3+ 36. Kb2 Qb7+ 37. Kc2 Qc6 38. Kd2 Kf7 39. Qa3 Qb6 40. Qf3+
Ke7 41. Qa3 Qb4+ 42. Qxb4 cxb4 43. Bg2 Kd6 44. Be4 h6 45. Kd3 Kc5 46. Bg6 Bc6
47. Bf7 e5 48. h4 Bg2 49. g4 Bf1+ 50. Ke4 Bxc4 51. Bg6 Kd6 52. Kf3 Bxa2 0-1

[Event "Open Sport & Cultura A"]
[Site "Milano ITA"]
[Date "2010.02.12"]
[Round "1"]
[White "Chinnici, Giorgio"]
[Black "Cerioni, Armando"]
[Result "0-1"]
[WhiteElo "1719"]
[BlackElo "1988"]
[PlyCount "46"]
[EventDate "2010.02.12"]

1. e4 d6 2. d4 Nf6 3. Nc3 c6 4. f3 Qb6 5. Bc4 Nbd7 6. Bb3 e5 7. Be3 Qc7 8. Nge2
Be7 9. Ng3 exd4 10. Bxd4 Nc5 11. O-O O-O 12. Qd2 a5 13. Qf4 Ne6 14. Bxe6 fxe6
15. Qe3 e5 16. Bb6 Qb8 17. Qd3 c5 18. Nb5 Ne8 19. Qd2 Bd7 20. a4 Ra6 21. Bxa5
Qa8 22. Nc7 Nxc7 23. Bxc7 Rc8 0-1

[Event "Open Sport & Cultura A"]
[Site "Milano ITA"]
[Date "2010.02.12"]
[Round "1"]
[White "D'Alessio, Angelo"]
[Black "Primerano, Carlo"]
[Result "1-0"]
[WhiteElo "2017"]
[BlackElo "1734"]
[PlyCount "62"]
[EventDate "2010.02.12"]

1. e4 c5 2. Nf3 e6 3. d4 cxd4 4. Nxd4 Nc6 5. Be3 a6 6. Bd3 Nf6 7. O-O Qc7 8.
Kh1 b5 9. f4 Bb7 10. Qe2 d6 11. a4 b4 12. Nd2 Be7 13. Nc4 Na5 14. Nxe6 fxe6 15.
Bb6 Qc6 16. Bxa5 Nxe4 17. Rae1 Rc8 18. Bxe4 Qxe4 19. Qxe4 Bxe4 20. Rxe4 d5 21.
Rxe6 Rxc4 22. Rfe1 O-O 23. Rxe7 Rcxf4 24. h3 Rf2 25. Bxb4 Rxc2 26. Bc3 Rff2 27.
Re8+ Kf7 28. R1e7+ Kg6 29. Rxg7+ Kh5 30. Re5+ Kh6 31. Re6+ Kh5 1-0

[Event "Open Sport & Cultura A"]
[Site "Milano ITA"]
[Date "2010.02.12"]
[Round "1"]
[White "D'Urbino, Ilan"]
[Black "Astengo, Marcello"]
[Result "1-0"]
[WhiteElo "1742"]
[BlackElo "2104"]
[PlyCount "69"]
[EventDate "2010.02.12"]

1. e4 e6 2. d4 d5 3. Nd2 Nf6 4. e5 Ng8 5. f4 c5 6. c3 Nc6 7. Ngf3 Bd7 8. Be2
cxd4 9. cxd4 Nge7 10. O-O Nf5 11. Nb3 h5 12. Bd2 Qb6 13. Kh1 a5 14. Rc1 Nb4 15.
a3 Nc6 16. Bd3 g6 17. Bxf5 gxf5 18. Qc2 Rc8 19. Qd3 Be7 20. Rc3 Rc7 21. Rfc1
O-O 22. Ne1 a4 23. Qh3 h4 24. Rg3+ hxg3 25. Qxg3+ Kh7 26. Rc3 Nxe5 27. Qh3+ Kg8
28. fxe5 Rxc3 29. bxc3 f6 30. Bh6 Rf7 31. Qg3+ Kh7 32. Qh4 Kg6 33. Nd3 fxe5 34.
Nxe5+ Kh7 35. Qh5 1-0

[Event "Open Sport & Cultura A"]
[Site "Milano ITA"]
[Date "2010.02.12"]
[Round "1"]
[White "Del Noce, Roberto"]
[Black "Cannetta, Stefano"]
[Result "1-0"]
[WhiteElo "1869"]
[BlackElo "1616"]
[PlyCount "53"]
[EventDate "2010.02.12"]

1. e4 Nf6 2. e5 Nd5 3. c4 Nb6 4. d4 d6 5. f4 dxe5 6. fxe5 c5 7. d5 g6 8. Nf3
Bg7 9. h3 Na6 10. Bd3 Nb4 11. O-O Nxd3 12. Qxd3 Bf5 13. Qe2 O-O 14. Nc3 a6 15.
Be3 Qc7 16. Bf4 Rad8 17. Ng5 Qc8 18. Nge4 Bxe4 19. Nxe4 Nd7 20. Ng5 Nxe5 21.
Bxe5 Bxe5 22. Qxe5 f6 23. Qe6+ Kg7 24. Qxc8 Rxc8 25. Ne6+ Kf7 26. Nxf8 Rxf8 27.
Rfe1 1-0

[Event "Open Sport & Cultura A"]
[Site "Milano ITA"]
[Date "2010.02.12"]
[Round "1"]
[White "Didoni, Renato"]
[Black "De Francisci, Lorenzo"]
[Result "1/2-1/2"]
[WhiteElo "1977"]
[BlackElo "1709"]
[PlyCount "181"]
[EventDate "2010.02.12"]

1. Nf3 d5 2. d4 Nf6 3. Nc3 e6 4. Bg5 c5 5. e3 Nc6 6. Be2 Be7 7. O-O O-O 8. Rc1
a6 9. b3 b5 10. a4 b4 11. Nb1 Ne4 12. Bxe7 Qxe7 13. Ne1 Bb7 14. f3 Nf6 15. c4
cxd4 16. exd4 Rfc8 17. c5 Ne8 18. Nc2 a5 19. Bb5 Ba6 20. Qe2 Nc7 21. Nd2 Qf6
22. Rfd1 Nxd4 23. Nxd4 Qxd4+ 24. Kh1 Qf6 25. Nf1 Rcb8 26. Bxa6 Nxa6 27. Rc2 Nc7
28. Rdc1 Ra6 29. Ne3 Qd8 30. Ng4 f6 31. g3 Rc6 32. Nf2 Rc8 33. Nd3 Qe7 34. h4
Na6 35. Qe3 e5 36. Nf4 Qd7 37. Nd3 Qh3+ 38. Rh2 Qe6 39. Rhc2 d4 40. Qe4 Qxb3
41. Rc4 Kh8 42. h5 Qxa4 43. g4 Qb5 44. Qd5 Qb7 45. g5 R6c7 46. c6 Qa8 47. gxf6
gxf6 48. Qe6 Rf8 49. Kg2 Qe8 50. Qd5 Qxh5 51. Kf1 Qg6 52. Ke2 Re8 53. Nf2 Qg8
54. Qxa5 Ra8 55. Ne4 Qg2+ 56. Nf2 Qg5 57. Ne4 Qe3+ 58. Kf1 Qxf3+ 59. Nf2 d3 60.
Re4 b3 61. Qd2 Rg8 62. Qxd3 Qxd3+ 63. Nxd3 Rd8 64. Ke2 Nb8 65. Rec4 Rd6 66. Nb4
Rd4 67. Rxd4 exd4 68. Rb1 Rc8 69. Rxb3 Nxc6 70. Nd5 Kg7 71. Rg3+ Kf7 72. Rf3
Re8+ 73. Kf2 Re6 74. Nf4 Rd6 75. Nd3 Ke6 76. Nf4+ Ke5 77. Nd3+ Kd5 78. Rh3 Rd7
79. Ke2 Re7+ 80. Kd2 Ne5 81. Rh5 Ra7 82. Nc1 Ra3 83. Rxh7 f5 84. Rh8 f4 85.
Rd8+ Ke4 86. Ne2 Ra2+ 87. Kd1 Rxe2 88. Kxe2 f3+ 89. Kf2 d3 90. Rd6 Kf5 91. Rxd3
1/2-1/2

[Event "Open Sport & Cultura A"]
[Site "Milano ITA"]
[Date "2010.02.12"]
[Round "1"]
[White "Guzzetti, Luigi Enrico"]
[Black "Gussoni, Paolo"]
[Result "0-1"]
[WhiteElo "1887"]
[BlackElo "1626"]
[PlyCount "90"]
[EventDate "2010.02.12"]

1. e4 c6 2. d4 d5 3. Nc3 dxe4 4. Nxe4 Bf5 5. Ng3 Bg6 6. Nf3 Nd7 7. Bf4 e6 8.
Bd3 Ngf6 9. O-O Be7 10. c4 Bxd3 11. Qxd3 O-O 12. Rfd1 a6 13. a4 a5 14. Qc2 Qb6
15. Ne5 Rfd8 16. Be3 Qc7 17. Bf4 Qb6 18. Nf3 Nb8 19. c5 Qa7 20. Bc7 Rd5 21. Ne4
Na6 22. Nxf6+ Bxf6 23. Bb6 Nb4 24. Qc3 Qb8 25. Bxa5 Rxa5 26. Qxb4 Qa7 27. b3 h6
28. Rac1 Qa8 29. Qb6 Bd8 30. Qb4 Be7 31. Qc3 Qd8 32. Qe1 Ra8 33. Ra1 Qc7 34. b4
Rad8 35. b5 Bf6 36. b6 Qd7 37. a5 Bxd4 38. Nxd4 Rxd4 39. Rxd4 Qxd4 40. a6 bxa6
41. Rxa6 Qxc5 42. b7 Qb4 43. Qa1 Qxb7 44. g3 c5 45. Ra5 Qf3 0-1

[Event "Open Sport & Cultura A"]
[Site "Milano ITA"]
[Date "2010.02.12"]
[Round "1"]
[White "Illyuviev, Oleg"]
[Black "Vece, Luigi"]
[Result "1-0"]
[WhiteElo "1974"]
[BlackElo "1697"]
[PlyCount "81"]
[EventDate "2010.02.12"]

1. c4 e5 2. Nc3 Nf6 3. Nf3 Nc6 4. e3 Bb4 5. Qc2 O-O 6. Nd5 Bc5 7. a3 a5 8. Ng5
g6 9. h4 d6 10. b3 Bf5 11. d3 Re8 12. Bb2 h6 13. Nf3 Ng4 14. Qd2 e4 15. Qc3
Nce5 16. Nxe5 dxe5 17. dxe4 Bxe4 18. Rd1 Bxd5 19. cxd5 Qf6 20. Rd2 Bb6 21. h5
g5 22. Rh3 Qe7 23. Bc4 Nf6 24. Qc2 Rad8 25. Qf5 Rd6 26. Rf3 g4 27. Rg3 c6 28.
e4 Qd7 29. Qxd7 Rxd7 30. Re2 Kh7 31. Bc3 Nxh5 32. Rxg4 f6 33. g3 Rd6 34. Rh4
Ng7 35. g4 Rg8 36. f3 Rh8 37. Bd2 Kg6 38. Reh2 h5 39. gxh5+ Rxh5 40. Rg2+ Kh7
41. Rxg7+ 1-0

[Event "Open Sport & Cultura A"]
[Site "Milano ITA"]
[Date "2010.02.12"]
[Round "1"]
[White "Krstic, Dragan"]
[Black "Salvador, Roland"]
[Result "0-1"]
[WhiteElo "1768"]
[BlackElo "2472"]
[PlyCount "70"]
[EventDate "2010.02.12"]

1. e4 c5 2. Nf3 Nc6 3. d4 cxd4 4. Nxd4 e5 5. Nb3 Nf6 6. Nc3 Bb4 7. Bg5 h6 8.
Bxf6 Bxc3+ 9. bxc3 Qxf6 10. Bd3 O-O 11. O-O Ne7 12. Nc1 Ng6 13. Ne2 d6 14. Ng3
Be6 15. c4 Rac8 16. Rb1 b6 17. Rb4 Rc6 18. Qb1 Rfc8 19. Qb3 Qg5 20. Kh1 Nf4 21.
Rg1 Bg4 22. Bf1 h5 23. Qe3 h4 24. Ne2 Rxc4 25. Rxc4 Rxc4 26. Nxf4 exf4 27. Qd3
Rc6 28. h3 Be6 29. Qa6 Rxc2 30. Qxa7 Qc5 31. Bd3 Rd2 32. Qa8+ Kh7 33. Bb1 Qxf2
34. e5+ g6 35. exd6 Bd5 0-1

[Event "Open Sport & Cultura A"]
[Site "Milano ITA"]
[Date "2010.02.12"]
[Round "1"]
[White "Lanzani, Giuliano"]
[Black "Bianchi, Paolo"]
[Result "1-0"]
[WhiteElo "2002"]
[BlackElo "1729"]
[PlyCount "57"]
[EventDate "2010.02.12"]

1. e4 d6 2. d4 Nf6 3. Nc3 g6 4. f4 Bg7 5. Nf3 O-O 6. Bc4 Nc6 7. e5 dxe5 8. fxe5
Nh5 9. Bd5 Nb4 10. Be4 f5 11. Bd3 Nxd3+ 12. Qxd3 e6 13. Bg5 Qd7 14. O-O-O c6
15. Ne2 Bh8 16. h3 Qd5 17. Nc3 Qd7 18. g4 Ng7 19. Rhg1 Qf7 20. Rdf1 b5 21. Nd2
a5 22. Nce4 Ne8 23. Nc5 Nc7 24. Nde4 Ne8 25. Nd6 Nxd6 26. exd6 Bf6 27. Bxf6
Qxf6 28. d7 Qe7 29. dxc8=Q 1-0